[Event "TCh-HUN 2011-12"]
[Site "Mako HUN"]
[Date "2011.09.25"]
[Round "1"]
[White "Nagy,Danie"]
[Black "Gyorkos,L"]
[Result "0-1"]
[WhiteElo "2241"]
[BlackElo "2395"]

1.d4 Nf6 2.Bg5 c5 3.dxc5 Qa5+ 4.Nc3 Ne4 5.Bd2 Nxd2 6.Qxd2 Qxc5 7.Nf3 e6 8.e4 a6
9.Be2 b5 10.a3 Be7 11.O-O O-O 12.e5 Bb7 13.Rad1 Ra7 14.Qf4 f5 15.Rd2 h6 16.Qd4 Rc8
17.Rfd1 Bxf3 18.Bxf3 Qxd4 19.Rxd4 Bxa3 20.Nxb5 axb5 21.bxa3 Rxc2 22.Rd6 Rc5
23.h3 Rxe5 24.Rb6 Na6 25.Rb1 Nc7 26.Rb3 Kf7 27.g4 Ke7 28.gxf5 Rxf5 29.Be4 Rc5
30.Kh2 Ra6 31.Rb7 Rd6 32.Rg3 g5 33.Rf3 Rd4 34.Bg6 Rf4 35.Rxf4 gxf4 36.h4 Rc3
37.h5 Kf6 38.Kg2 Kg5 39.Kf1 d5 40.Ke2 e5 41.Bd3 Rc5 42.f3 Kxh5 43.Rb8 Rc3
44.Rc8 Kh4 45.Rg8 e4 46.fxe4 dxe4  0-1

[Event "16th ECC w"]
[Site "Rogaska Slatina SLO"]
[Date "2011.09.27"]
[Round "3.2"]
[White "Dzagnidze,N"]
[Black "Johnsen,Sy"]
[Result "1-0"]
[WhiteElo "2525"]
[BlackElo "2038"]

1.d4 Nf6 2.Bg5 d5 3.e3 Nbd7 4.Nf3 e6 5.Bd3 Be7 6.O-O h6 7.Bh4 O-O 8.Nbd2 b6
9.a4 a5 10.c4 dxc4 11.Nxc4 Bb7 12.Qe2 Ne4 13.Bxe7 Qxe7 14.Rac1 Ndf6 15.Nfe5 Qb4
16.Qc2 Rac8 17.Rfd1 Rfd8 18.f3 Nd6 19.b3 Nf5 20.Kf2 Bd5 21.g4 Nh4 22.Kg3 g5
23.f4 Qf8 24.fxg5 hxg5 25.Rf1 Qh6 26.h3 Ng2 27.Rf2 Kg7 28.Rxf6 Kxf6 29.Rf1+ Nf4
30.exf4 Qh4+ 31.Kh2 Rh8 32.fxg5+ Ke7 33.Rxf7+ Ke8 34.Nd6+ cxd6 35.Qxc8+  1-0

[Event "Tatry Open"]
[Site "Tatranske Zruby SVK"]
[Date "2011.09.28"]
[Round "5.16"]
[White "Vyskocil,N"]
[Black "Giertli,V"]
[Result "1-0"]
[WhiteElo "2308"]
[BlackElo "2088"]

1.d4 Nf6 2.Bg5 c5 3.d5 Qb6 4.Nc3 h6 5.Bd2 d6 6.e4 g6 7.a4 Bg7 8.a5 Qc7 9.h3 a6
10.Qc1 Nbd7 11.Nf3 b5 12.axb6 Nxb6 13.Be2 Bb7 14.O-O Kf8 15.Re1 Kg8 16.Ra3 Kh7
17.Qa1 Qc8 18.Qa2 Nbd7 19.Ra1 Nb8 20.Bd3 Nfd7 21.Na4 Re8 22.Bc3 Qd8 23.Bxg7 Kxg7
24.Qb3 Ra7 25.Qc3+ Nf6 26.Bc4 Nd7 27.Re1 Kh7 28.Qd3 Qc7 29.Nc3 Rea8 30.Qe3 Nb6
31.Ba2 Kg7 32.Qf4 Nbd7 33.Bc4 Ne5 34.Bf1 Nxf3+ 35.Qxf3 Nd7 36.Qe3 Bc8 37.f4 Rb8
38.b3 Qb6 39.e5 Nf8 40.exd6 exd6 41.Ne4 Nh7 42.Qc3+ Kg8 43.Nd2 Qd8 44.Raa1 Bb7
45.Bc4 Qf6 46.Qe3 Rba8 47.Ne4 Qd8 48.f5 g5 49.Qg3 Nf6 50.Nxd6 Qc7 51.Qe5 Kg7
52.Ne8+  1-0

[Event "20th TCh-CRO 1b"]
[Site "Sibenik CRO"]
[Date "2011.10.04"]
[Round "1.1"]
[White "Drazic,S"]
[Black "Berczes,D"]
[Result "1-0"]
[WhiteElo "2504"]
[BlackElo "2557"]

1.d4 d5 2.Bg5 Nf6 3.Nd2 c5 4.dxc5 Na6 5.e3 Nxc5 6.Bb5+ Bd7 7.Bxd7+ Qxd7 8.Bxf6 gxf6
9.Ngf3 Bg7 10.O-O f5 11.c3 O-O 12.Nd4 f4 13.exf4 Nd3 14.Qc2 Nxf4 15.N2f3 Qg4
16.g3 Ng6 17.Rfe1 Rac8 18.Rad1 h5 19.h4 Bxd4 20.Nxd4 Nxh4 21.Rxe7 Rce8 22.Rxe8 Rxe8
23.Qd3 Re4 24.Kh2 Nf5 25.Nxf5 Qxf5 26.f3 Re5 27.Qxf5 Rxf5 28.Kg2 Kf8 29.Rd4 Ke7
30.f4 a6 31.a4 a5 32.b4 Kd6 33.bxa5 Kc6 34.Kh3 Rf6 35.c4 dxc4 36.Rxc4+ Kd6
37.Rb4 Kc7 38.Rb5 Rh6 39.Kh4 Rg6 40.Rf5 f6 41.Rxh5  1-0

[Event "Belgrade Premier League 2011"]
[Site "Belgrade SRB"]
[Date "2011.10.05"]
[Round "5.5"]
[White "Zmijanac,D"]
[Black "Ugrenovic,B"]
[Result "1-0"]
[WhiteElo "2208"]
[BlackElo "2129"]

1.d4 Nf6 2.Bg5 c5 3.Nc3 Qb6 4.d5 Qxb2 5.Bd2 Qb6 6.e4 d6 7.f4 e6 8.Nf3 exd5
9.e5 dxe5 10.fxe5 Qe6 11.Bb5+ Nfd7 12.O-O Be7 13.Bg5 d4 14.Bxe7 Qxe7 15.Nd5 Qd8
16.e6 fxe6 17.Nxd4 exd5 18.Qh5+ g6 19.Qe5+  1-0

[Event "20th TCh-CRO w"]
[Site "Sibenik CRO"]
[Date "2011.10.05"]
[Round "2.1"]
[White "Starcevic,A"]
[Black "Mrakovcic,K"]
[Result "1-0"]
[WhiteElo "1834"]
[BlackElo "1768"]

1.d4 Nf6 2.Bg5 d5 3.Bxf6 exf6 4.e3 Nd7 5.Nf3 f5 6.c4 Nf6 7.Nc3 Be6 8.c5 Ne4
9.Rc1 c6 10.b4 f6 11.Qa4 Bd7 12.Bd3 b5 13.Qa6 Qc7 14.O-O g5 15.Rc2 Rg8 16.Nd2 Rg6
17.f3 Nxd2 18.Rxd2 Rh6 19.g3 f4 20.exf4 gxf4 21.g4 Rh4 22.Qa3 h5 23.Bg6+ Kd8
24.Bxh5 f5 25.Rg2 a5 26.Qb3 Qc8 27.Re1 fxg4 28.fxg4 f3 29.Rg3 Qc7 30.Rf1 Qf4
31.Rfxf3 Qxd4+ 32.Kg2 Be7 33.Ne2 Qxb4 34.Nf4 Qd4 35.Qc2 Bxc5 36.Ne2 Qc4 37.Rc3 Qe4+
38.Qxe4 dxe4 39.Rxc5 Kc7 40.Re5 c5 41.Nf4 Bc6 42.Re3 Rxh5 43.Rxh5 Kd6 44.Rh6+ Ke5
45.Kg3 Kd4 46.Re1 Rc8 47.Rd1+ Kc3 48.Rdd6 Be8 49.Rh8 b4 50.Re6 Kb2 51.Rhxe8 Rxe8
52.Rxe8 c4 53.Rxe4 c3 54.Nd3+ Kxa2 55.Nxb4+ Kb3 56.Nd3 c2 57.Kf3  1-0

[Event "Mitropa Cup"]
[Site "Merlimont FRA"]
[Date "2011.10.08"]
[Round "1"]
[White "Tripoteau,N"]
[Black "Huschenbeth,N"]
[Result "0-1"]
[WhiteElo "2397"]
[BlackElo "2510"]

1.d4 Nf6 2.Bg5 c5 3.d5 Ne4 4.Bc1 e6 5.Nf3 exd5 6.Qxd5 Nf6 7.Qe5+ Be7 8.Qg3 O-O
9.Nc3 d5 10.Bh6 Nh5 11.Qe5 Bf6 12.Qxh5 g6 13.Bxf8 gxh5 14.Bxc5 Nc6 15.O-O-O Bxc3
16.bxc3 Be6 17.Ba3 Qa5 18.Bb2 Qxa2 19.e4 dxe4 20.Ng5 Bf5 21.f3 e3 22.Ne4 Bxe4
23.fxe4 Rd8 24.Re1 Qa5 25.Bc4 Qc5 26.Ba2 Rd2 27.Rhf1 Rf2 28.Rg1 Nd4 29.Kb1 Nxc2
30.Rd1 Qb6  0-1

[Event "20th TCh-CRO w"]
[Site "Sibenik CRO"]
[Date "2011.10.08"]
[Round "6.3"]
[White "Starcevic,A"]
[Black "Deur,Z"]
[Result "1/2-1/2"]
[WhiteElo "1834"]
[BlackElo "2069"]

1.d4 Nf6 2.Bg5 d5 3.Bxf6 gxf6 4.e3 c5 5.Nf3 Nc6 6.Nc3 cxd4 7.exd4 e6 8.g3 Qb6
9.Rb1 Bg7 10.Bg2 f5 11.Ne2 Qa5+ 12.Nc3 Qb6 13.Ne2 Qa5+ 14.Nc3 O-O 15.O-O Bd7
16.a3 f6 17.Qd3 Rad8 18.Rfe1 Bc8 19.Nd2 Kh8 20.Nb3 Qc7 21.Nc5 Qf7 22.Rbd1 Na5
23.b3 b6 24.Na6 Nc6 25.Nb4 Ne7 26.Qd2 Rfe8 27.Nd3 Ng6 28.f4 Bb7 29.Bh3 Bh6
30.Qf2 Rc8 31.Nb5 Qd7 32.a4 a6 33.Na3 Bf8 34.Nb1 Bd6 35.Re3 Qc6 36.Rd2 Re7
37.Rde2 Rce8 38.Qe1 Bc8 39.Nb4 Qc7 40.c3 Qb7 41.Bg2 a5 42.Nd3 Qc6 43.c4 Qd7
44.cxd5 exd5 45.Nc3 Bb7 46.Bxd5 Bb4 47.Rxe7 Rxe7 48.Rxe7 Nxe7 49.Bxb7 Qxd4+
50.Nf2 Qxc3 51.Qxc3 Bxc3 52.Kf1 Kg7 53.Ke2 Bd4  1/2-1/2

[Event "Belgrade Premier League 2011"]
[Site "Belgrade SRB"]
[Date "2011.10.09"]
[Round "8.1"]
[White "Zmijanac,D"]
[Black "Orlov,K"]
[Result "1-0"]
[WhiteElo "2208"]
[BlackElo "2250"]

1.d4 Nf6 2.Bg5 d5 3.e3 e6 4.c4 Be7 5.Nc3 O-O 6.cxd5 exd5 7.Qc2 b6 8.Bd3 h6
9.Bh4 c5 10.Nge2 Nc6 11.a3 c4 12.Bf5 Ne8 13.Bg3 g6 14.Bxg6 fxg6 15.Qxg6+ Ng7
16.Qxc6 Be6 17.Nf4 Rc8 18.Qb5 Bf7 19.Nfxd5 Bg5 20.Nf4 a6 21.Qxa6 Nf5 22.O-O h5
23.Nfe2 h4 24.Be5 h3 25.Qb7 hxg2 26.Qxg2 Kh7 27.Qh3+ Nh6 28.f4 Bh4 29.Ng3 Rg8
30.Ne4  1-0

[Event "49th ch-IND NatA"]
[Site "Aurangabad IND"]
[Date "2011.10.10"]
[Round "2"]
[White "Saptarshi,R"]
[Black "Gopal,G"]
[Result "0-1"]
[WhiteElo "2385"]
[BlackElo "2572"]

1.d4 d5 2.Bg5 Nf6 3.Nc3 Nbd7 4.Qd3 g6 5.f3 c5 6.e4 dxe4 7.fxe4 Bg7 8.d5 O-O
9.Nf3 b5 10.e5 Ng4 11.d6 Ngxe5 12.Nxe5 Nxe5 13.Qd5 Qxd6 14.Qxa8 Nc6 15.Bxb5 Bd7
16.Qb7 Rb8 17.Ne4 Qd4 18.Bxc6 Rxb7 19.c3 Qd3 20.Bxb7 Bg4 21.Ng3 Bxc3+ 22.bxc3 Qxc3+
23.Kf2 Qd4+ 24.Be3 Qb2+ 25.Ne2 Qxe2+ 26.Kg3 Qxe3+ 27.Bf3 Bf5 28.Rhe1 Qg5+
29.Kf2 c4 30.Re3 c3 31.Rc1 c2 32.h3 e5 33.g4 Bd3  0-1

[Event "Mitropa Cup Women"]
[Site "Merlimont FRA"]
[Date "2011.10.10"]
[Round "3"]
[White "Varga,Kl"]
[Black "Novkovic,J"]
[Result "1-0"]
[WhiteElo "2183"]
[BlackElo "2053"]

1.d4 Nf6 2.Bg5 c5 3.Nc3 cxd4 4.Qxd4 Nc6 5.Qh4 Qa5 6.O-O-O d6 7.e4 Be6 8.a3 O-O-O
9.f4 Nxe4 10.Nxe4 f6 11.Nf3 d5 12.Nxf6 gxf6 13.Bxf6 Rg8 14.Bc3 Qc7 15.g3 d4
16.Bh3 Qd7 17.Nxd4 Bg4 18.Bxg4 Rxg4 19.Nxc6 Qxd1+ 20.Rxd1 Rxd1+ 21.Kxd1 Rxh4
22.Nxa7+ Kb8 23.gxh4 Kxa7 24.Bb4  1-0

[Event "Belgrade Premier League 2011"]
[Site "Belgrade SRB"]
[Date "2011.10.12"]
[Round "11.2"]
[White "Sarenac,D"]
[Black "Djosic,S"]
[Result "1/2-1/2"]
[WhiteElo "2273"]
[BlackElo "2230"]

1.d4 Nf6 2.Bg5 g6 3.Bxf6 exf6 4.g3 Bg7 5.Bg2 O-O 6.c4 f5 7.Nc3 d6 8.e3 c6
9.Nf3 Nd7 10.h4 Nf6 11.Qc2  1/2-1/2

[Event "11th Winterthur Open"]
[Site "Winterthur SUI"]
[Date "2011.10.12"]
[Round "6"]
[White "Rausis,I"]
[Black "Gaehwiler,G"]
[Result "1-0"]
[WhiteElo "2497"]
[BlackElo "2205"]

1.d4 Nf6 2.Bg5 d5 3.Nd2 Nbd7 4.Ngf3 g6 5.c4 Bg7 6.cxd5 Nxd5 7.e4 N5f6 8.Bc4 Nb6
9.Bb3 O-O 10.Qc2 Ne8 11.O-O Nd6 12.a4 a5 13.Rac1 c6 14.Rfe1 Re8 15.h3 Ra6
16.Nf1 Na8 17.g4 b5 18.Ne3 Nb6 19.Red1 Bb7 20.Ba2 bxa4 21.Ne5 Nd7 22.N3c4 Nxc4
23.Nxf7 Qb8 24.Bxc4 e6 25.Bxa6 Bxa6 26.Nh6+ Bxh6 27.Bxh6 Bb5 28.Qc3 Re7 29.d5 exd5
30.exd5 cxd5 31.Rxd5 Ba6 32.Qd4 Qe8 33.Kh2 Bb7 34.Rd6 Ne5 35.Rc3 Nd7 36.Rc7 Ne5
37.Rc3 Nd7 38.Re3 Rxe3 39.Qg7+  1-0

[Event "TCh-ROU Superliga 2011"]
[Site "Brasov ROU"]
[Date "2011.10.13"]
[Round "6.3"]
[White "Ionescu,D"]
[Black "Grozav,V"]
[Result "1-0"]
[WhiteElo "2368"]
[BlackElo "2166"]

1.d4 Nf6 2.Bg5 c5 3.Bxf6 gxf6 4.d5 Qb6 5.Qc1 f5 6.e3 Bg7 7.c3 Qg6 8.Ne2 O-O
9.g3 e5 10.a4 Na6 11.Na3 Nc7 12.Bg2 d6 13.O-O b6 14.Qc2 Ba6 15.Rfe1 Qh5 16.Qd2 Rfe8
17.b4 Bf8 18.b5 Bb7 19.a5 Qg6 20.Reb1 Bh6 21.Nc4 f4 22.exf4 exf4 23.Nxf4 bxa5
24.Nxg6 Bxd2 25.Nxd2 hxg6 26.c4 a6 27.b6  1-0

[Event "Indonesia Open"]
[Site "Jakarta INA"]
[Date "2011.10.13"]
[Round "1.25"]
[White "Tedy,S"]
[Black "Nguyen Van Huy"]
[Result "0-1"]
[WhiteElo "2239"]
[BlackElo "2449"]

1.d4 Nf6 2.Bg5 c5 3.d5 Ne4 4.Bc1 e6 5.Qd3 exd5 6.Qxd5 Nf6 7.Qd3 d5 8.Bg5 Be7
9.Nc3 d4 10.Bxf6 Bxf6 11.Ne4 O-O 12.O-O-O Bf5 13.Qf3 Bxe4 14.Qxe4 Nc6 15.Kb1 Re8
16.Qf3 Ne5 17.Qh3 Qb6 18.Qb3 Qc7 19.h3 Re6 20.e4 dxe3 21.fxe3 c4 22.Qa4 Ra6
23.Qb5 Rb6 24.Qa4 Rxb2+  0-1

[Event "Mitropa Cup"]
[Site "Merlimont FRA"]
[Date "2011.10.15"]
[Round "8.5"]
[White "Tripoteau,N"]
[Black "Rapport,R"]
[Result "0-1"]
[WhiteElo "2397"]
[BlackElo "2547"]

1.d4 Nf6 2.Bg5 c5 3.d5 e5 4.Nc3 d6 5.e4 Be7 6.Bd2 O-O 7.h3 Nbd7 8.g4 Ne8
9.Nf3 g6 10.Bh6 Ng7 11.Qd2 Nf6 12.Be2 Kh8 13.O-O-O Ng8 14.Rdg1 a6 15.h4 f6
16.Bxg7+ Kxg7 17.g5 fxg5 18.Nxg5 Bxg5 19.Rxg5 Rxf2 20.h5 Qf6 21.hxg6 h6 22.Rgg1 Qf4
23.Kd1 Bd7 24.Ke1 Rf8 25.Qd3 Nf6 26.a4 b5 27.axb5 axb5 28.Qg3 Nxe4 29.Qxf4 R2xf4
30.Nxb5 Bxb5 31.Bxb5 Rb8 32.Bd3 Nf2 33.Rh2 Rxb2 34.Kd2 c4 35.Be2 Ne4+ 36.Kc1 Ra2
37.Rgh1 c3  0-1

[Event "TCh-ROU Superliga 2011"]
[Site "Brasov ROU"]
[Date "2011.10.16"]
[Round "9.5"]
[White "Tugui,A"]
[Black "Parligras,M"]
[Result "0-1"]
[WhiteElo "2384"]
[BlackElo "2625"]

1.d4 Nf6 2.Bg5 c5 3.Bxf6 gxf6 4.d5 Qb6 5.Qc1 f5 6.g3 Bg7 7.c3 d6 8.Bg2 Nd7
9.Nd2 Nf6 10.Qc2 Bd7 11.Nc4 Qa6 12.Ne3 e6 13.Nh3 h5 14.Nf4 O-O-O 15.h4 Ng4
16.Nxg4 hxg4 17.dxe6 fxe6 18.O-O Bh6 19.e3 Rhe8 20.c4 Bc6 21.Bxc6 Qxc6 22.Rad1 Kc7
23.Rd3 Bg7 24.Rfd1 Rd7 25.b3 Kd8 26.Qe2 Bf6 27.Qf1 Ke7 28.Qg2 Red8 29.R3d2 Qe4
30.a4 a6 31.Rc1 b6 32.Rcd1 Rb8 33.Rc1 b5 34.axb5 axb5 35.Qf1 b4 36.Ra2 Rbb7
37.Qd3 Ra7 38.Rcc2 Ra3 39.Rxa3 bxa3 40.Qd2 Rb7 41.Rc1 Rxb3 42.Rd1 Qc6 43.e4 fxe4
44.Ng6+ Kd7 45.Qf4 Rf3 46.Qh6 a2 47.Qh7+ Kd8 48.Qa7 e3 49.h5 exf2+ 50.Kf1 Rb3
51.Qa5+ Ke8 52.Qa7  0-1

[Event "Indonesia Open"]
[Site "Jakarta INA"]
[Date "2011.10.17"]
[Round "7.34"]
[White "Tedy,S"]
[Black "Emperado,Emmanuel"]
[Result "0-1"]
[WhiteElo "2239"]
[BlackElo "2294"]

1.d4 Nf6 2.Bg5 d5 3.e3 g6 4.Bxf6 exf6 5.Bd3 Bg7 6.Nd2 O-O 7.Qf3 c6 8.Ne2 f5
9.c3 Nd7 10.h4 h5 11.Nf4 Nf6 12.O-O-O a5 13.Kb1 Re8 14.g3 Re7 15.Qg2 b6 16.Qf1 c5
17.Qg2 Bb7 18.Rhe1 c4 19.Bc2 b5 20.Nf1 b4 21.Kc1 a4 22.a3 bxc3 23.bxc3 Qd6
24.f3 Qxa3+ 25.Kd2 Qd6 26.Ke2 a3 27.Kf2 Bc6 28.Kg1 Ba4 29.Bxa4 Rxa4 30.Qc2 Raa7
31.Rb1 Bh6 32.Ng2 Qa6 33.Rb8+ Kh7 34.Ra1 Qa5 35.Kf2 Ne8 36.g4 hxg4 37.fxg4 fxg4
38.h5 Nf6 39.hxg6+ fxg6 40.Ng3 Qc7 41.Qb1 Bxe3+ 42.Nxe3 Qf4+ 43.Kg2 Qf3+
44.Kh2 Qxe3 45.Qf1 Qf3  0-1

[Event "Chigorin Memorial Open"]
[Site "St Petersburg RUS"]
[Date "2011.10.17"]
[Round "4.50"]
[White "Harshkou,M"]
[Black "Oparin,G"]
[Result "0-1"]
[WhiteElo "2248"]
[BlackElo "2413"]

1.d4 Nf6 2.Bg5 d5 3.Bxf6 exf6 4.e3 Bd6 5.c4 dxc4 6.Bxc4 O-O 7.Nc3 c6 8.Nf3 Nd7
9.O-O f5 10.Qc2 Nf6 11.Rfd1 Qe7 12.d5 c5 13.Nb5 Rd8 14.Nxd6 Rxd6 15.a4 Bd7
16.a5 Rd8 17.b4 cxb4 18.Qb3 Kf8 19.Qxb4 Bc6 20.Nd4 Nxd5 21.Qc5 R6d7 22.Qxe7+ Nxe7
23.Rdc1 Rc8 24.f3 Rdc7 25.Bb5 Bd5 26.Rxc7 Rxc7 27.a6 g6 28.axb7 Rxb7 29.Ba6 Rd7
30.Bb5 Rc7 31.Bf1 Nc8 32.Nb5 Rd7 33.Rc1 Ne7 34.Ra1 Nc6 35.Nc3 Be6 36.Nb5 a5
37.Rc1 Nb4 38.Ra1 Ba2 39.Nd4 Ra7 40.Bb5 Bd5 41.Be2 Ra8 42.Ra4 Ke7 43.e4 fxe4
44.fxe4 Be6 45.e5 Bd5 46.Ra3 Nc6 47.Nb5 Rb8 48.Nc3 Be6 49.Bb5 Rb6 50.Ra1 g5
51.Bxc6 Rxc6 52.Ne4 Ra6 53.Nxg5 a4 54.Ra3 h6 55.Ne4 Ra5 56.Kf2 Bd7 57.Nc3 Ke6
58.h3 Kxe5 59.Ke3 Bc6 60.g3 Ra8 61.Ne2 Bd5 62.Nf4 Bb3 63.Nd3+ Kd5 64.Nc1 Bc4
65.Nd3 Bb5 66.g4 Kc4 67.Kd2 Kd4 68.Nb2 Ra7 69.Nd1 Bd7 70.Nc3 Kc4 71.Kc2 Bc6
72.Kb2 Rb7+ 73.Ka2 Rb3 74.Nxa4 Rxa3+ 75.Kxa3 Bxa4 76.Kxa4 Kd4 77.Kb4 Ke4
78.Kc4 Kf4 79.Kd4 Kg3 80.Ke4 Kxh3 81.Kf4 Kg2 82.g5 h5 83.Kf5 Kg3 84.Kf6 Kg4  0-1

[Event "Chigorin Memorial Open"]
[Site "St Petersburg RUS"]
[Date "2011.10.20"]
[Round "7.108"]
[White "Bondarenko,Dmitry"]
[Black "Sokolova,V"]
[Result "1-0"]
[WhiteElo "1894"]
[BlackElo "2052"]

1.d4 d5 2.Bg5 Nf6 3.Bxf6 gxf6 4.Nf3 Bg7 5.e3 e5 6.g3 Bg4 7.Be2 Bh3 8.c3 Qd7
9.Qb3 Nc6 10.Nbd2 O-O 11.Rg1 Bg4 12.h3 Bxh3 13.g4 Bxg4 14.Nxe5 fxe5 15.Bxg4 f5
16.Bf3 e4 17.Bh5 a5 18.O-O-O a4 19.Qb5 Ne5 20.Qxd7 Nxd7 21.Rg5 Kh8 22.Rh1 Bh6
23.Rg3 Ra6 24.Be2 Rb6 25.c4 dxc4 26.Nxc4 Rc6 27.Kb1 Bg7 28.Rgh3 h6 29.Rg1 f4
30.Na5 Rb6 31.Nc4 Rbf6 32.Bg4 Nb6 33.Ne5 fxe3 34.Rxe3 Rd8 35.Rxe4 Rxf2 36.Ng6+ Kh7
37.Ne7 Rxd4 38.Bf5+ Rxf5 39.Rxg7+ Kh8 40.Rg8+ Kh7 41.Rxd4 Re5 42.Re8 Kg7
43.Rf4  1-0

[Event "Chigorin Memorial Open"]
[Site "St Petersburg RUS"]
[Date "2011.10.21"]
[Round "8.51"]
[White "Ovod,E"]
[Black "Chigaev,M"]
[Result "1-0"]
[WhiteElo "2408"]
[BlackElo "2289"]

1.d4 Nf6 2.Bg5 c5 3.Bxf6 gxf6 4.d5 Qb6 5.Qc1 Bg7 6.c4 f5 7.Nc3 d6 8.e3 Nd7
9.Qc2 Nf6 10.Bd3 Bd7 11.Nge2 e6 12.O-O O-O-O 13.a3 Rhg8 14.b4 Bh8 15.Rab1 Rg5
16.Rb3 Rdg8 17.g3 Qc7 18.b5 b6 19.e4 e5 20.exf5 Rh5 21.f3 Qd8 22.a4 Qf8 23.a5 Qh6
24.Rf2 Kd8 25.axb6 axb6 26.Ra3 Ke7 27.Ra6 Rh3 28.Rxb6 Qe3 29.Nd1 Qg5 30.Nec3 e4
31.Bf1 Rh6 32.Nxe4 Nxe4 33.Qxe4+ Kd8 34.Rb8+ Kc7 35.Rxg8 Qxg8 36.Ra2 Bd4+
37.Nf2 Qg5 38.f4 Qh5 39.h3 Qd1 40.Qd3 Qe1 41.Kg2 Rf6 42.g4 h5 43.Qe2 Qb1
44.Ra7+ Kd8 45.Ra8+ Bc8 46.Qa2 Qe1 47.Qa5+ Qxa5 48.Rxa5 hxg4 49.hxg4 Rh6
50.Ra7 Bd7 51.Ne4 Rh4 52.Be2 Bxf5 53.gxf5 Rxf4 54.Bf3  1-0

[Event "XXIX Balaton Open A"]
[Site "Heviz HUN"]
[Date "2011.10.22"]
[Round "5"]
[White "Nemeth,Ge"]
[Black "Genda,K"]
[Result "1/2-1/2"]
[WhiteElo "1938"]
[BlackElo "2091"]

1.d4 d5 2.Bg5 Nf6 3.e3 Nbd7 4.Nd2 h6 5.Bh4 e6 6.c3 Be7 7.Bd3 c5 8.f4 O-O
9.Ngf3 a6 10.O-O Ng4 11.Bxe7 Qxe7 12.Qe2 f5 13.h3 Ngf6 14.Ne5 Nxe5 15.fxe5 Ne8
16.Rf2 Bd7 17.Bc2 Nc7 18.Kh2 Bb5 19.Qd1 Qg5 20.a4 Be8 21.Nf3 Qxe3 22.Qf1 h5
23.Re1 Qf4+ 24.g3 Qh6 25.dxc5 f4 26.Nd4 fxg3+ 27.Kxg3 Bg6 28.Bxg6 Qxg6+ 29.Kh2 h4
30.Qg2 Rxf2 31.Qxf2 Qg5 32.Qe3 Qh5 33.Qe2 Qg5 34.Qe3 Qh5  1/2-1/2

[Event "Chigorin Memorial Open"]
[Site "St Petersburg RUS"]
[Date "2011.10.22"]
[Round "9.75"]
[White "Bondarenko,Dmitry"]
[Black "Semenova,Ir"]
[Result "1/2-1/2"]
[WhiteElo "1894"]
[BlackElo "2236"]

1.d4 Nf6 2.Bg5 d5 3.Bxf6 gxf6 4.g3 c5 5.c3 e5 6.e3 Nc6 7.dxc5 Bxc5 8.Bg2 Be6
9.b4 Bb6 10.Ne2 Qd7 11.Nd2 Rc8 12.O-O O-O 13.a4 a6 14.Qb1 Ne7 15.Rd1 Bg4
16.Bf3 Kh8 17.Bxg4 Qxg4 18.Re1 Rg8 19.a5 Bc7 20.b5 Rg6 21.Qb4 Qxb4 22.cxb4 axb5
23.a6 bxa6 24.Rxa6 f5 25.Ra7 Bd6 26.Nf3 Rc2 27.Kf1 Rb2 28.Nxe5 Rf6 29.Nd7 Rh6
30.h4 Bxb4 31.Rc1 Rc6 32.Rxc6 Nxc6 33.Rc7 Ne7 34.Nd4 Ba3 35.Rb7 b4 36.Ne5 b3
37.Rxb3 Rxb3 38.Nxb3 Kg7 39.Nf3 Kf6 40.Ke2 Nc6 41.Kd3 Bb4 42.Nbd4 Ne7 43.Ne2 Bc5
44.Kc3 h6 45.Nf4 Ba7 46.Kb4 Bb6 47.Nd3 Ke6 48.Kb5 Ba7 49.Nb4 Kd6 50.Nd3 Ke6
51.Nf4+ Kf6 52.Nh5+ Kg6 53.Nf4+ Kf6 54.Nd3 Ke6 55.Kb4 Bb6 56.Kb3 Ba7 57.Nb4 Bb6
58.Kc2 Bc5 59.Nd3  1/2-1/2

[Event "ch-CRC 2011"]
[Site "San Jose CRC"]
[Date "2011.10.23"]
[Round "6"]
[White "Needham,B"]
[Black "Alfaro Rojas,A"]
[Result "0-1"]
[WhiteElo "2031"]
[BlackElo "2239"]

1.d4 d5 2.Bg5 Nf6 3.Bxf6 exf6 4.e3 Bd6 5.c4 dxc4 6.Bxc4 O-O 7.Nc3 f5 8.Nf3 Nd7
9.O-O Nf6 10.Be2 c6 11.Qd3 Re8 12.Nd2 Ne4 13.Bf3 Ng5 14.d5 Qf6 15.g3 Nxf3+
16.Nxf3 Bd7 17.Nd4 Rad8 18.dxc6 bxc6 19.Qc4 h5 20.Rad1 h4 21.Nf3 hxg3 22.hxg3 Bb8
23.Rd4 Be6 24.Qc5 Qg6 25.Nh4 Qg5 26.Ne4 Qh5 27.Nd6 Bxd6 28.Rxd6 Bd5 29.Rxd8 Rxd8
30.Qe7 Rf8 31.Qe5 g6 32.a3 Qg5 33.b4 a6 34.Re1 Qd8 35.Qd4 Re8 36.Ng2 Re4
37.Qd3 Qg5 38.Rd1 Qh5 39.Rf1 Qf3 40.Qd1 Rxe3 41.Qxf3 Rxf3 42.Ne3 Be4 43.Rd1 f4
44.gxf4 Rxf4 45.Rd4 f5 46.Rd7 Rh4 47.Kf1 Bf3 48.Ke1 f4 49.Rd8+ Kf7 50.Rd7+ Ke6
51.Ra7 fxe3 52.fxe3 Rh2 53.Rxa6 Ke5 54.Ra7 Ke4 55.Re7+ Kd3 56.a4 Be4 57.a5 Kxe3
58.Rf7 Rb2 59.Rd7  0-1

[Event "29th Muensterland Open"]
[Site "Senden GER"]
[Date "2011.10.25"]
[Round "6.10"]
[White "Boehm,Ju2"]
[Black "Mueller,Mart1"]
[Result "1-0"]
[WhiteElo "2218"]
[BlackElo "2078"]

1.d4 Nf6 2.Bg5 c5 3.Nc3 cxd4 4.Qxd4 Nc6 5.Qh4 Qa5 6.e4 d6 7.Bd3 Be6 8.Ne2 O-O-O
9.Bd2 Nb4 10.O-O Nxd3 11.cxd3 Kb8 12.Rfd1 Qh5 13.Qg3 Bd7 14.f3 Rg8 15.Be3 g5
16.Qf2 g4 17.Bxa7+ Ka8 18.Ng3 Qh4 19.f4 Bh6 20.Qb6 Bxf4 21.Qa5 d5 22.Be3+  1-0

[Event "ch-CRC 2011"]
[Site "San Jose CRC"]
[Date "2011.10.28"]
[Round "11"]
[White "Needham,B"]
[Black "Minero Pineda,C"]
[Result "1-0"]
[WhiteElo "2031"]
[BlackElo "2052"]

1.d4 Nf6 2.Bg5 d5 3.Bxf6 exf6 4.e3 c5 5.c3 cxd4 6.cxd4 Nc6 7.Nc3 Bd6 8.Nf3 a6
9.Rc1 Be6 10.Bd3 O-O 11.O-O Rc8 12.Bb1 Bb8 13.Ne2 Bg4 14.Ng3 g6 15.Qd2 h5
16.h3 Bxf3 17.gxf3 h4 18.Ne2 Ne7 19.Kg2 Rxc1 20.Rxc1 Qd6 21.Rh1 Rc8 22.Kf1 Nc6
23.a3 Ba7 24.Nf4 f5 25.Ba2 Ne7 26.Nd3 Qc6 27.Nb4 Qb5+ 28.Kg2 Bb6 29.Nd3 Ba5
30.b4 Bd8 31.Bb3 Qb6 32.Rc1 Rxc1 33.Qxc1 Qf6 34.Nf4 a5 35.Qc5 axb4 36.Qxb4 Qg5+
37.Kf1 Nc6 38.Qxb7 Nxd4 39.Bxd5 Ne6 40.Nxe6 fxe6 41.Bxe6+  1-0

[Event "Frauenbundesliga 2011-12"]
[Site "Germany GER"]
[Date "2011.10.29"]
[Round "1.5"]
[White "Vogel, Heike"]
[Black "Sikorska, Agata"]
[Result "1-0"]
[WhiteElo "2133"]
[BlackElo "2092"]

1.d4 Nf6 2.Bg5 g6 3.Nc3 d5 4.e3 Bg7 5.Bd3 Nbd7 6.f4 b6 7.Qf3 Bb7 8.Nge2 c5
9.Ng3 a6 10.O-O h6 11.Bh4 b5 12.e4 dxe4 13.Ncxe4 Nxe4 14.Nxe4 Bxd4+ 15.Kh1 Qb6
16.Rae1 e6 17.f5 gxf5 18.Qh5 Be5 19.Ng3 Bxg3 20.hxg3 Qc6 21.Be4 Qxe4 22.Rxe4 Bxe4
23.Rd1 Nb6 24.Rd6 Nc4 25.Rxe6+ Kf8 26.Be7+ Kg7 27.Bf6+ Kf8 28.Rxe4  1-0

[Event "50th TCh-DEN XtraCon 2011-12"]
[Site "Denmark DEN"]
[Date "2011.10.30"]
[Round "2.7"]
[White "Clerico,A"]
[Black "Ejsing,E"]
[Result "0-1"]
[WhiteElo "2134"]
[BlackElo "2092"]

1.d4 Nf6 2.Bg5 d5 3.Nf3 e6 4.e3 c5 5.Nbd2 Nc6 6.c3 h6 7.Bh4 Bd6 8.Bd3 Qb6
9.Qb1 Nh5 10.Bg6 Nf6 11.Bd3 Bd7 12.Bg3 Bxg3 13.hxg3 Ng4 14.O-O O-O 15.Nb3 cxd4
16.exd4 a5 17.Nc5 Bc8 18.Bc2 e5 19.Bh7+ Kh8 20.Bf5 e4 21.Bxc8 Rfxc8 22.Nh2 Nf6
23.Qc1 Qa7 24.f3 b6 25.fxe4 Qe7 26.e5 Nh5 27.Na4 Nxg3 28.Rf2 Nxd4 29.Qe3 Ndf5
30.Qf4 Rc4  0-1

[Event "50th TCh-DEN XtraCon 2011-12"]
[Site "Denmark DEN"]
[Date "2011.10.30"]
[Round "2.4"]
[White "Hove,E"]
[Black "Andersen,Mad"]
[Result "0-1"]
[WhiteElo "2265"]
[BlackElo "2398"]

1.d4 Nf6 2.Bg5 c5 3.Bxf6 gxf6 4.dxc5 e6 5.Nd2 Bxc5 6.Ne4 d5 7.Nxc5 Qa5+ 8.c3 Qxc5
9.e3 Nc6 10.Ne2 Bd7 11.Nf4 O-O-O 12.Be2 Rhg8 13.g3 Kb8 14.Qd2 Bc8 15.O-O-O e5
16.Nd3 Qb6 17.Kb1 Be6 18.Nc1 Rc8 19.f4 Rgd8 20.Bd3 Na5 21.Ka1 Bg4 22.Rde1 h6
23.Qf2 Nc4 24.h3 Bf3 25.Rh2 Be4 26.fxe5 fxe5 27.Bxe4 dxe4 28.Qxf7 Nd2 29.Qf5 Nf3
30.Rhe2 Nxe1 31.Qxe5+ Ka8 32.Rxe1 Rd2 33.b3 Qa6 34.c4 Qa3 35.Kb1 Rcd8 36.Re2 a6
37.Rxd2 Rxd2 38.g4 Rd1 39.Qc3 Qd6 40.h4 Qd3+ 41.Qc2 Rg1 42.g5 hxg5 43.hxg5 Qxe3
44.c5 Qd3 45.b4 Qd5 46.Kb2 Rxg5 47.Qc3 Rf5 48.Nb3 Rf3 49.Qh8+ Ka7 50.Qh6 e3
51.Qb6+ Ka8 52.b5 axb5 53.Qxb5 Rf2+ 54.Ka3 Qc6 55.Qb4 e2 56.Na5 e1=Q 57.Qxe1 Qxc5+
58.Kb3 Qb5+ 59.Ka3 Qb2+ 60.Ka4 Rf4+  0-1

[Event "8th Lippe Cup"]
[Site "Lieme GER"]
[Date "2011.10.30"]
[Round "4.20"]
[White "Stork,J"]
[Black "Bentel,Robin"]
[Result "1-0"]
[WhiteElo "1991"]
[BlackElo "1971"]

1.d4 Nf6 2.Bg5 d5 3.Nd2 e6 4.Ngf3 Nbd7 5.e3 Bd6 6.c4 c6 7.e4 dxe4 8.Nxe4 Bb4+
9.Bd2 Bxd2+ 10.Nexd2 O-O 11.Bd3 b6 12.O-O Bb7 13.b4 c5 14.dxc5 bxc5 15.b5 Qc7
16.Qc2 Rad8 17.Rfe1 h6 18.a4 Nh5 19.Be4 Nf4 20.g3 Bxe4 21.Nxe4 Nh5 22.a5 Ndf6
23.Nxf6+ Nxf6 24.Ne5 Nd7 25.Nc6 Rde8 26.Rad1 Nb8 27.Nxb8 Rxb8 28.a6 Rfd8
29.Qe4 Rb6 30.Rxd8+ Qxd8 31.Qe5 Qd6 32.Qxd6 Rxd6 33.Re5 Kf8 34.Rxc5 Rd7 35.Kg2 Ke7
36.Rc6 Kf6 37.c5 Ke5 38.b6  1-0

[Event "Venetian Autumn Masters 2011"]
[Site "Venice ITA"]
[Date "2011.10.30"]
[Round "1.10"]
[White "Allegranti,L"]
[Black "Santolini,L"]
[Result "0-1"]
[WhiteElo "2025"]
[BlackElo "2197"]

1.d4 Nf6 2.Bg5 g6 3.Bxf6 exf6 4.e3 Bg7 5.Nd2 d6 6.Bd3 f5 7.Qf3 c6 8.Ne2 Nd7
9.O-O-O Nf6 10.h3 Be6 11.Bc4 Qc7 12.Nf4 Bxc4 13.Nxc4 Ne4 14.g4 d5 15.Nd2 Nd6
16.Ne2 O-O-O 17.Ng3 fxg4 18.hxg4 f5 19.gxf5 Rdf8 20.Qg4 Nxf5 21.Nxf5 Rxf5
22.Rh5 Qd7 23.Rxf5 Qxf5 24.Qxf5+ gxf5 25.Rg1 Bf6 26.f4 Kd7 27.Nf3 h5 28.Rh1 h4
29.Rh3 Ke6 30.Kd2 Kf7 31.Ke2 Kg6 32.Ne5+ Kh5 33.Kf3 Rg8 34.Nf7 Rg1 35.Nd6 Rf1+
36.Ke2 Rb1 37.Ne8 Kg4 38.Rf3 Be7 39.Rf2 h3 40.Ng7 Rxb2  0-1